00491nam a2200169Ia 4500003000900000008004100009040001600050080001900066100001900085245008200104260004800186300001000234650001900244650002100263650002000284650001700304IN-BaIIA211028s9999 xx 000 0 eng d cIIA Library a535.338bCAN-1 aCandler, A. C. 0aAtomic spectra and the vector modelbvol. II, complex spectracA. C. Candler  aCambridgebCambridge University Pressc1937 a279p. aAtomic Spectra aAtomic Structure aComplex Spectra aSpectroscopy